000
00443nam a2200145Ia 4500
008
100122s9999 xx 000 0 und d
082
_b
18753
_a
823
100
_a
देवकुळे ज ग
245
_a
जुगारी प्यादी
260
_b
शिरीष एजन्सी
_c
1972
300
_a
112
630
_a
जुगारी प्यादी
730
_a
जुगारी प्यादी
942
_c
BOOK
999
_c
408109
_d
408106